Zootecnia general /

Guardado en:
Autor Principal: Ensminger, M. E.
Formato: Libro
Publicado: Buenos Aires : El Ateneo, 1973
Edición:6a. ed.
Materias:
Etiquetas: Agregar Etiqueta
Sin Etiquetas, Sea el primero en etiquetar este registro!
LEADER 00562nam a22001815a 4500
001 CEM.cems018005
005 20130509100038.0
008 130507s1973##################000#0#####d
003 CEMS
082 0 4 |a 636 
100 1 |a Ensminger, M. E. 
245 1 0 |a Zootecnia general /  |c M. E. Ensminger 
250 |a 6a. ed. 
260 |a Buenos Aires :  |b El Ateneo,  |c 1973 
300 |a 912 p. 
505 0 |a Bovinos para carne -- Bovinos lecheros -- Ovinos -- Porcinos -- Aves de corral -- Caballos 
653 |a Zootecnia 
859 |a CEMS  |b BIB. CEMS - Agricultura  |h 636  |i En78a6  |p A1863.13  |t Ej.1